| 000 | 00653nam a2200217 i 4500 | ||
|---|---|---|---|
| 001 | 89605 | ||
| 003 | ES-MaACL | ||
| 005 | 20250829112157.0 | ||
| 007 | t| | ||
| 008 | 050111s1972 sp ||||1| spa d | ||
| 100 | 1 |
_aLasserre, Georges. _970468 |
|
| 245 | 1 | 3 |
_aEl cooperativismo / _cpor Georges Lasserre ; [traducción de Jordi García Jacas]. |
| 250 | _a[1ª ed.]. | ||
| 260 |
_aBarcelona, etc. : _bOikos-Tau, _c[1972] |
||
| 300 |
_a123 p. ; _c18 cm. |
||
| 490 | 1 |
_a¿Qué sé? ; _v83 |
|
| 700 | 1 |
_aGarcia-Jacas, Jordi ( _d1954-) _9155167 |
|
| 830 | 0 |
_a¿Qué sé? _v83 _9181382 |
|
| 852 |
_aES-MaACL _jC-45495 |
||
| 999 |
_c89605 _d89605 |
||